The vantage point : (Record no. 131645)

MARC details
000 -LEADER
fixed length control field 00771nam a22002297a 4500
005 - DATE AND TIME OF LATEST TRANSACTION
control field 20170124110132.0
010 ## - LIBRARY OF CONGRESS CONTROL NUMBER
LC control number 672209
020 ## - INTERNATIONAL STANDARD BOOK NUMBER
Terms of availability 00.00
035 ## - SYSTEM CONTROL NUMBER
System control number 672209
037 ## - SOURCE OF ACQUISITION
Source of stock number/acquisition Cen Lib/Ret
040 ## - CATALOGING SOURCE
Original cataloging agency DPL
Language of cataloging EN
082 ## - DEWEY DECIMAL CLASSIFICATION NUMBER
Classification number 921
Item number JOH
100 ## - MAIN ENTRY--PERSONAL NAME
Personal name Johnson, Lyndon Baines
9 (RLIN) 32356
245 ## - TITLE STATEMENT
Title The vantage point :
Statement of responsibility, etc by Lyndon Baines Johnson
Remainder of title perspectives of the Presidency, 1963-1969 /
260 ## - PUBLICATION, DISTRIBUTION, ETC. (IMPRINT)
Place of publication, distribution, etc Delhi
Name of publisher, distributor, etc Vikas Publications
Date of publication, distribution, etc 1972
270 ## - ADDRESS
Address 5 Daryaganj, Ansari Road
City Delhi
Postal code 110006
300 ## - PHYSICAL DESCRIPTION
Extent xii,630p. :
Dimensions 22cm(Hb)
Other physical details ill.
500 ## - GENERAL NOTE
General note Includes index
650 ## - SUBJECT ADDED ENTRY--TOPICAL TERM
Topical term or geographic name as entry element Johnson, Lyndon B. -- (Lyndon Baines), -- 1908-1973
9 (RLIN) 32357
650 ## - SUBJECT ADDED ENTRY--TOPICAL TERM
Topical term or geographic name as entry element United States -- Politics and government -- 1963-1969
9 (RLIN) 32358
942 ## - ADDED ENTRY ELEMENTS (KOHA)
Source of classification or shelving scheme Dewey Decimal Classification
Koha item type English Books
Classification part 921
Call number suffix JOH
Holdings
Withdrawn status Lost status Damaged status Not for loan Home library Current library Date acquired Source of acquisition Cost, normal purchase price Total Checkouts Full call number Barcode Date last seen Copy number Cost, replacement price Price effective from Koha item type
        Central Library Central Library 15/07/2015 Cen Lib/Ret 0.00   921 JOH 672209 15/07/2015 1 0.00 15/07/2015 English Books

© Delhi Public Library
Hit Counter
free hit counter